Náhrada škody a zodpovednosť zamestnanca

Čo je predmetom zodpovednosti zamestnanca za škodu podľa Zákonníka práce. Predmet dohody o hmotnej zodpovednosti. Zamestnanec je zodpovedný za škodu, ktorú spôsobil úmyselným konaním. Poistenie zodpovednosti za škodu pri výkone povolania.

Enregistré dans:
Détails bibliographiques
Auteur principal: Kohútová, Ľudmila
Format: Chapitre de livre
Langue:slovaque
Sujets:
Tags: Ajouter un tag
Pas de tags, Soyez le premier à ajouter un tag!

MARC

LEADER 00000naa a2200000 4500
001 0223824
005 20231120135947.6
041 0 |a slo 
044 |a SK 
245 1 0 |a Náhrada škody a zodpovednosť zamestnanca  |c Ľudmila Kohútová 
520 |a Čo je predmetom zodpovednosti zamestnanca za škodu podľa Zákonníka práce. Predmet dohody o hmotnej zodpovednosti. Zamestnanec je zodpovedný za škodu, ktorú spôsobil úmyselným konaním. Poistenie zodpovednosti za škodu pri výkone povolania. 
610 2 0 |a zamestnanci 
610 2 0 |a zodpovednosť za škody 
610 2 0 |a poistenie zodpovednosti za škody 
100 1 |a Kohútová, Ľudmila